00923nam a22001817a 45000010005000000030006000050050017000110080041000280200018000690400029000870820012001161000018001282450057001462600037002033000047002405200397002876500057006849111FISKH20251121105239.0251121b cb ||||| |||| 00| 0 eng d a9789350895849 aFISKHbengcFISKHdFISKH a 510.76 aBhanot, Raaj  aMental Mathematics : bBook A / cby T. Raaj Bhanot  aNew Delhi : bDreamland, c2016. a64 pages : bcolor illustrations ; c28 cm aMental math is a good skill performing math calculations in your head without a calculator or paper. Mental Mathematics Book – A covers various topics like counting, adding, subtracting, shapes, patterns, and more. Perfect as at-home learning or after school, this is wonderful book includes the practice needed to provide students with a strong mathematical foundation for ongoing success. aFolktale Liberia vAfrican storiesxproblem-solving